Online Catalogue and eLibrary

Kamala dasge anuragaye mulpotha (Record no. 4802)

MARC details
000 -LEADER
fixed length control field 00385nam a2200145Ia 4500
005 - DATE AND TIME OF LATEST TRANSACTION
control field 20250425063713.0
008 - FIXED-LENGTH DATA ELEMENTS--GENERAL INFORMATION
fixed length control field 240331s9999 xx 000 0 und d
082 ## - DDC Classification
Item Number - Author Mark ABE
Class No. 891
100 ## - MAIN ENTRY--PERSONAL NAME
Personal name Abesinghe,W.A
245 #0 - TITLE STATEMENT
Title Kamala dasge anuragaye mulpotha
260 ## - PUBLICATION, DISTRIBUTION, ETC.
Place of publication, distribution, etc. Warakapola
Name of publisher, distributor, etc. Ariya Prakashakayo
Date of publication, distribution, etc. 1987
300 ## - PHYSICAL DESCRIPTION
Extent (e.g. Volumes, Pages etc.) 200 p .,
500 ## - GENERAL NOTE
General note Translation of Alphabet lust book
942 ## - Koha item type (Biblio)
Koha item type Books in Stacks (Lending)
Holdings
Lost status Damaged status Collection code Home library Current library Shelving location Date acquired Full call number Accession Number Item type
    Lending WERC Library WERC Library Social Science Cupboard 03/31/2024 891.48 ABE 1362 Books in Stacks (Lending)

© WERC Library